| 000 | 00612nam a2200241Ia 4500 | ||
|---|---|---|---|
| 003 | OSt | ||
| 005 | 20220918221319.0 | ||
| 006 | a|||||r|||| 00| 0 | ||
| 007 | ta | ||
| 008 | 220917b |||||||| |||| 00| 0 eng d | ||
| 024 | _a149,343 | ||
| 037 | _cTextual | ||
| 040 |
_aARTS _cARTS _beng |
||
| 041 |
_2eng _aeng |
||
| 082 | _aT:87, H8 | ||
| 100 |
_aWood Ben D _9140063 |
||
| 245 | 0 | _aMeasuring and guiding individual growth | |
| 260 | _c1948 | ||
| 650 | _aEDUCATION | ||
| 700 |
_a Haefner Ralph _9140064 |
||
| 942 |
_hT:87, H8 _cTEXL _2CC |
||
| 999 |
_c272009 _d272009 |
||